000 00264nam a2200097Ia 4500
001 1002918
005 20250826230439.0
008 250824s9999 xx 000 0 und d
245 0 _aOLYMPOSUN YARATIKLARI HAYVAN BAKICISI
_cLUCY COATS
260 _bHEP KİTAP YAYINLARI
999 _c1002918
_d1002918